MDQL
is popping MORE tags! Check the
thread
!
Quizzes
Events
Quiz Creation
Community
Videos
Private Events
Remove Ads
Sign In
Join for FREE
Feedback
Dark Mode
Quiz Categories
Sports
Geography
Music
Movies
Television
Just For Fun
Miscellaneous
History
Literature
Language
Science
Gaming
Entertainment
Religion
Holiday
For Kids
Quiz Lab
Recent
Popular Today
Quiz Kudos Today
Editor Picks
Curator Picks
Quizzes by...
Day
Popularity
Type
Ratings
Length
Year
Community
Subscriptions
Recent Discussions
Orange Saloon
Badges
Playlists
Quests
Create
Leaderboards
Showdown
Live 5
Trivia Bingo
Activity
Puzzle Library
Sporcle Events
Private Events
Virtual Trivia
Globe League
Become a Host
Pub Owners
SporcleCon
Opinionation
Our Games
Videos
Blog
Mobile Apps
Partnerships
Remove Ads and Go Orange
Feedback
Gaming
Video Games
Board Games
Card Games
Pokémon
Mario
Nintendo
Minecraft
Console
Toys
Legend of Zelda
Gaming
Video Games
Board Games
Card Games
Pokémon
Mario
Nintendo
Minecraft
Console
Toys
Legend of Zelda
Random Quiz
Search Sporcle
×
Quiz Lab
Quiz Lab
Gaming
War
Type in answers that appear in a list
Type in answers that appear in a list
Classic
Best Score? Go Orange.
Red Alert 2 and 3 mission locations Stats
Can you name the locations for each mission in RA2 and RA3?
By
megarockman
12m
78 Questions
127 Plays
127 Plays
127 Plays
Comments
Comments
Give Quiz Kudos
Give Quiz Kudos
-
- Ratings
hide this ad
More Info
Forced Order
Answers have to be entered in order
Answers have to be entered in order
Replay
Link that replays current quiz
Next Quiz
Link to next quiz in quiz playlist
You Got
0%
They Got
Avg Score
44%
Avg Friend Score
Upgrade to see
Score Distribution
Jump to the score distribution portion of the page
Score
0/78
Timer
12:00
0
Plays Today
Campaign
Location
% Correct
RA2 -
Allied 1
New York, NY
91.3%
RA2 -
Allied 3
Washington, DC
72.4%
RA2 -
Soviet 1
Washington, DC
72.4%
RA2 -
Allied 12
Moscow, USSR
70.9%
RA2 -
Allied 4
Chicago, IL
66.9%
RA2 -
Allied 6
Washington, DC
65.4%
RA2 -
Soviet 3
New York, NY
65.4%
RA2 -
Soviet 11
Moscow, USSR
64.6%
RA2 -
Allied 11
Key West, FL
63.8%
RA2 -
Soviet 2
Atlantic coast of Florida
63.8%
RA2 -
Allied 7
Hawaii
63%
RA2 -
Soviet 12
Point Hope, AK
60.6%
RA2: YR -
Allied 1
San Francisco, CA
60.6%
RA2 -
Allied 2
Colorado Springs, CO
59.8%
RA2 -
Allied 8
St. Louis, MO
59.8%
RA2 -
Soviet 5
Paris, France
59.1%
RA2: YR -
Allied 2
Los Angeles, CA
59.1%
RA2 -
Allied 9
Tulum, Mexico
58.3%
RA2 -
Allied 10
Black Forest, Germany
58.3%
RA2 -
Soviet 8
Washington, DC
58.3%
RA2 -
Soviet 6
Hawaii
57.5%
RA2: YR -
Soviet 1
San Francisco, CA
55.1%
RA2: YR -
Allied 6
London, UK
53.5%
RA2: YR -
Soviet 6
The Moon
53.5%
RA2 -
Soviet 9
San Antonio, TX
52.8%
RA2: YR -
Allied 4
Egypt
52.8%
RA2: YR -
Allied 7
Tierra del Fuego & Antarctica
52.8%
RA2 -
Soviet 4
Vladivostok, USSR
50.4%
RA2: YR -
Allied 3
Seattle, WA
50.4%
RA2 -
Allied 5
German/Polish Border
48%
RA2: YR -
Allied 5
Sydney, Australia
48%
RA2: YR -
Soviet 2
Black Forest, Germany
48%
RA2 -
Soviet 7
Ural Mountains, USSR
47.2%
RA2: YR -
Soviet 7
Transylvania, Romania
47.2%
RA2 -
Soviet 10
US Virgin Islands
46.5%
RA2: YR -
Soviet 3
London, UK
46.5%
RA3 -
Allied 1
Brighton, UK
44.9%
RA3 -
Soviet 1
Leningrad, USSR
44.1%
RA2: YR -
Soviet 4
Morocco
43.3%
Campaign
Location
% Correct
RA3 -
Allied 2
Cannes, France
41.7%
RA3 -
Allied 9
Leningrad, USSR
41.7%
RA3 -
Allied 6
Mt. Rushmore, SD
40.2%
RA3 -
Allied 7
Tokyo, Japan
40.2%
RA3 -
Soviet 9
New York, NY
40.2%
RA3 -
Allied 4
Gibraltar, Spain
39.4%
RA3 -
Allied 8
Havana, Cuba
37.8%
RA3 -
Soviet 8
Easter Island
37%
RA3 -
Imperial 2
Stalingrad, USSR
37%
RA3 -
Imperial 4
Pearl Harbor, Hawaiian Islands
37%
RA3 -
Allied 5
North Sea
36.2%
RA3 -
Imperial 8
Moscow, USSR
36.2%
RA3 -
Soviet 2
Krasna-45, USSR
35.4%
RA3 -
Soviet 3
Vladivostok, USSR
35.4%
RA3 -
Soviet 4
Geneva, Swizerland
35.4%
RA3 -
Imperial 6
Santa Monica, CA
35.4%
RA3 -
Imperial 9
Amsterdam, The Netherlands
35.4%
RA3 -
Allied 3
Heidelburg, Germany
34.6%
RA3 -
Soviet 7
Mt. Fuji, Japan
33.9%
RA3 -
Imperial 3
Odessa, USSR
33.9%
RA3 -
Imperial 1
Vorkuta, USSR
33.1%
RA3 -
Soviet 5
Mykonos, Greece
31.5%
RA3 -
Imperial 5
Pacific Ocean
31.5%
RA2: YR -
Soviet 5
Easter Island
30.7%
RA3 -
Soviet 6
Von Elsing Airbase, Iceland
30.7%
RA3 -
Imperial 7
Yokohama, Japan
30.7%
RA3: U -
Soviet 1
Romania
29.9%
RA3: U -
Soviet 4
Sigma Island
26%
RA3: U -
Soviet 2
Murmansk, USSR
24.4%
RA3: U -
Soviet 3
Yucatan Peninsula, Mexico
24.4%
RA3: U -
Allied 2
Osaka, Japan
23.6%
RA3: U -
Imperial 1
Sakhalin Island
22.8%
RA3: U -
Imperial 3
Vladivostok, USSR
22.8%
RA3: U -
Allied 3
Miyako, Japan
22%
RA3: U -
Yuriko 2
Detention Camp Dakota, Guam
22%
RA3: U -
Allied 1
Shin Iga Province, Japan
21.3%
RA3: U -
Imperial 2
Oki Islands, Japan
21.3%
RA3: U -
Yuriko 3
Shiro Sanitorium, Tokyo
20.5%
RA3: U -
Yuriko 1
Shiro Sanitorium, Tokyo
18.9%
Quiz Playlist
Details
Report
Send in Message
Add To Playlist
More Info:
Cities are used where possible; some answers will be regions (or nations) if city locations are unavailable.
Classic:
Type in answers that appear in a list
Forced Order:
Answers have to be entered in order
Last Updated: Feb 16, 2017
Quiz Scoreboard
CHALLENGE
Sign Up to Join the Scoreboard
Show All
Scores
Hide
Comments
May contain spoilers
Recently Published
Holiday 10x10 Sorting Gallery
by lukepisani3
Holiday
15m
Two Season TV Shows II
by 123Four
Television
10m
Image Sorting: Flags VI
by Barbecue
Geography
2m
More to Explore
Quiz From the Vault
Featured Blog Post
14 Easter Pick-up Lines to Find Eggs With
hide this ad
You Might Also Like...
Tags
War Quiz
Alert
battle
campaign
location
mission
Red
Today's Top Quizzes in Gaming
Browse Gaming
hide this ad
Today's Top Quizzes in War
Browse War
Top Contributed Quizzes in Gaming
1
League of Legends Pro Players by Career/Team History
2
Genshin Impact Logic Puzzle
3
Destiny 2 exotic weapons by perk icons
4
Genshin Impact Logic Puzzle Quiz
5
Genshin murder mystery
6
4x4 Decades: Video Games
7
Who's on the WWE 2K24 Cover?
8
Ultimate Genshin Impact Logic Puzzle (up to 4.3)
9
Dead By Daylight Logic Puzzle
10
Undertale Logic Puzzle
Explore More
Trending Topics
Disney
Crossword
NBA
Kpop
Marvel
Anime
Harry Potter
Puzzle
Song
NFL
Soccer
Pokémon
Country
WWE
The Office
hide this ad
More By:
megarockman
Quiz
Plays
Rating
Category
Featured
Created
2015 FIFA Women's World Cup Teams
35,991
4.54
Sports
Dec 6, 2014
FIFA Women's World Cup Teams
11,213
4.85
Sports
Nov 29, 2010
America's Busiest Airports
5,416
4.17
Geography
Feb 14, 2011
2011 FIFA Women's World Cup Teams
564
4.44
Sports
Nov 29, 2010
NBA Playoff Teams since 1999
398
1.00
Sports
Apr 15, 2010
Go to Creator's Profile
Score Distribution
Quiz Creator Spotlight
megarockman
Follow
Send a Message
Quizzes Created
-
Created Quiz Play Count
-
More By This Creator
Popular Quizzes Today
1
Find the US States - No Outlines Minefield
2
Colored Red Africa Blitz
3
Find the 'City' Movie
4
The Countries of the World
5
Find the US States
6
5x2 Blitz: Bands
7
Find the Countries of Europe - No Outlines Minefield
8
US States
More Gaming Quizzes
Final Fantasy VII Limit Breaks
Curator's Pick
Trending Quizzes
Colored Red Europe Blitz I
Colored Red Europe Blitz II
Colored Red Africa Blitz II
Colored Red Europe Blitz III
Colored Red Africa Blitz III
Recently Updated
Odd Team Out - Big 4 Players
pecheneg
Quick Pick: 20 Twenties
pecheneg
March Madness Men's Triple Doubles
pecheneg
How Do You Spell That?
pecheneg
Godzilla Movies
pecheneg
Grab Bag: 4-10 Letters
pecheneg
2024 March Madness Bracket
pecheneg
Famous TV Couples
Peacemaker
Champions League XIs: Real Madrid
pecheneg
Largest US Cities 1790-2010
pecheneg
Trending Topics
Harry Potter
Crossword
Kpop
Marvel
NBA
Anime
Disney
Song
Soccer
WWE
Country
Puzzle
Pokémon
The Office
NFL
Your Account Isn't Verified!
In order to create a playlist on Sporcle, you need to verify the email address you used during registration. Go to your
Sporcle Settings
to finish the process.
Report this User
Report this user for behavior that violates our
Community Guidelines
.
Details:
Send Report
Go to the Sporcle.com Mobile Site →
Comments